00295 a2200121 4500001000700000040003500007100002100042240004100063245003600104300001500140362000900155440000900164152031 cEscola São Tomás de Aquino aIACOCCA, Liliana10aO diário da menina misteriosalpor10aO diário da menina misteriosa a21474836470 a1999 1aFTD